Paesi più vicini alla Repubblica Dominicana - Morte improvvisa - Statistics

Statistiche generali
  • Questo quiz è stato fatto 18 volte
  • Il punteggio medio è 4 su 15
Answers on the Grid
Answers color-coded by a green-red scale on the quiz's grid according to % correct below.
Haiti
Bahamas
Cuba
Giamaica
Colombia
Saint Kitts e Nevis
Venezuela
Antigua e Barbuda
Dominica
Saint Lucia
Saint Vincent e Grenadine
Grenada
Barbados
Trinidad e Tobago
Panama
Canada
Messico
Belize
Guatemala
El Salvador
Honduras
Guyana
Suriname
Perù
Bolivia
Ecuador
Brasile
Paraguay
Cile
Argentina
 
Statistiche sulle risposte
Risposta % Corretto
Cuba
56%
Bahamas
44%
Giamaica
44%
Haiti
44%
Antigua e Barbuda
33%
Panama
33%
Saint Kitts e Nevis
33%
Barbados
22%
Saint Lucia
22%
Colombia
11%
Dominica
11%
Grenada
11%
Saint Vincent e Grenadine
0%
Trinidad e Tobago
0%
Venezuela
0%
Nessun quiz corrispondente trovato
Distribuzione punteggi
Percentuale di utenti per punteggio
Percentile per numero di risposta
I tuoi punteggi nel tempo
Non hai fatto questo quiz